Hunger Games - personnages de Lever de Soleil sur la Moisson par image - Statistiques

Statistiques générales
  • Ce quiz a été pris 7 fois
  • Le résultat moyen est 7 sur 8
Statistiques - réponses
Par images Réponse % Correct
Coriolanus Snow
100%
Effie Trinket
100%
Haymitch Abernathy
100%
Lenore Dove Baird
83%
Maysilee Donner
83%
Ampert Latier
67%
Drusilla Sickle
67%
Plutarch Heavensbee
67%
Aucun quiz correspondant
Distribution des résultats
% des personnes avec chaque résultat
Percentile par nombre de réponses
Votre historique - résultats
Vous n’avez pas pris ce quiz